01589nam a22003497a 4500003000500000005001700005008004100022010001000063011001000073035001000083040000900093082002400102111015600126245001300282260009200295300002200387490005700409590004100466590004100507590004100548590004200589650003300631700003000664830006500694901000700759942001000766949007400776949007900850999001700929952014400946952014901090CHAP20220329134538.0971013s1987 r 10010 d a21950 a22922 a27017 cCHAP a634.772063bA8 198500aAsociación para la Cooperación en Investigaciones de Banano en el Caribe y en América Tropical. Reunión (n7d: 1986c: San José, C.R.)98108 aMemorias aTurrialba, C.R. :bCentro Agronómico Tropical de Investigación y Enseñanza,c1987 a504 p.b; gráfs aSerie técnica. Folletov; boletín técnico; 121 aBATCH-UPDb10c20130110lUCH01h2142 aBATCH-UPDb10c20130410lUCH01h1014 aBATCH-UPDb10c20130914lUCH01h1556 aCONVERSIONb10c20130109lUCH01h131314aPlátanoxCongresos.9892210 aGalindo, José J.94432200aSerie técnica. Folletov; boletín técnico; 1219105063 aBK cLIBRO a634.772063 A8 1985bBCcLIBROd33724000210498eLIBROh72239i27017si a634.772063 A8 1985bBCcLIBROd33724000210506eLIBROfc.2h74360i27017si c21950d21950 00102ddc4052708GRALaBCbBCcPP_GRALd2019-12-31fLIBROl0o634.772063 A8 1985p33724000210498r2019-12-31 00:00:00w2019-12-31yLIBRO 00102ddc4052708GRALaBCbBCcPP_GRALd2019-12-31fLIBROl0o634.772063 A8 1985p33724000210506r2019-12-31 00:00:00tc.2w2019-12-31yLIBRO